000 00351nam a22001577a 4500
003 OSt
008 250425b |||||||| |||| 00| 0 eng d
020 _a9780143062226
100 _aMURTY,Sudha
245 _aWise and Otherwise
250 _a6th
260 _aGurugram
_bPenguin Books
_c2023
300 _a219
650 _aGeneral
942 _2ddc
_cBK
999 _c13437
_d13437